000
00328nam a22001337a 4500
999
_c
7966
_d
7967
008
190520b ||||| |||| 00| 0 eng d
082
_a
FIC D62L
100
_a
Diwakar, Macherla
245
_a
A little of it
260
_a
Chennai ;
_b
Mannora Publications,
_c
2006.
300
_a
320 p.
_c
18 cm.
650
_a
Fiction.
942
_2
ddc